Entertaining Anagrams Quiz Stats

 Plays Quiz Updated Aug 4, 2014

Also try: Web of Anagrams
Challenge
Share
Tweet
Embed
Score 0/30 Timer 06:00
6 Plays Today
Mixed Word Answer % Correct
Batman villainsJOKER
96.3%
Famous MichaelsDOUGLAS
94%
Batman villainsPENGUIN
93.8%
Musicals set in New York CityRENT
93.3%
Musicals set in New York CityWEST SIDE STORY
90.2%
Musicals set in New York CityGUYS AND DOLLS
89.6%
Members of the X-MenSTORM
89.5%
Batman villainsRIDDLER
88.5%
Batman villainsBANE
88.1%
Batman villainsTWO-FACE
87.2%
Musicals set in New York CityHELLO DOLLY!
86.1%
Faces on TIME (1980s)JOHN LENNON
85.9%
Faces on TIME (1980s)TOM CRUISE
84.4%
Famous MichaelsCAINE
81.8%
Famous MichaelsJACKSON
81.8%
Mixed Word Answer % Correct
Famous MichaelsJORDAN
79.7%
Members of the X-MenCYCLOPS
78.2%
Musicals set in New York CityANNIE
77.6%
Members of the X-MenWOLVERINE
76.9%
Celebrity couple portmanteausBRANGELINA
59.7%
Faces on TIME (1980s)MERYL STREEP
57%
Faces on TIME (1980s)MADONNA
54.8%
Celebrity couple portmanteausTOMKAT
52.8%
Celebrity couple portmanteausKIMYE
43.7%
Faces on TIME (1980s)RONALD REAGAN
37.1%
Celebrity couple portmanteausBENNIFER
31.4%
Members of the X-MenNIGHTCRAWLER
31.4%
Members of the X-MenICEMAN
23.5%
Famous MichaelsSCHUMACHER
19.4%
Celebrity couple portmanteausBILLARY
8.5%

You're not logged in!

Compare scores with friends on all Sporcle quizzes.
OR
Log In

You Might Also Like...

Show Comments

Extras

Top Quizzes Today


Score Distribution

Your Account Isn't Verified!

In order to create a playlist on Sporcle, you need to verify the email address you used during registration. Go to your Sporcle Settings to finish the process.

Report this User

Report this user for behavior that violates our Community Guidelines.

Details: